Erfurt Straßen (innenstadt) - Statistiken

Allgemein
  • Dieses Quiz wurde 21 mal gespielt
  • Das Durchschnittsergebnis liegt bei 27 aus 189
Antworten auf der Karte
Die Antworten werden auf der Karte rot bzw. grün angezeigt, abhängig davon wie oft sie richtig erraten wurden.
 
Antwortstatistiken
Antwort % Korrekt
Juri-Gagarin-Ring
60%
Bahnhofstraße
50%
Johannesstraße
50%
Petersberg
50%
Rathausbrücke
50%
Rathausgasse
50%
Andreasstraße
40%
Anger
40%
Domplatz
40%
Fischmarkt
40%
Krämerbrücke
40%
Lange Brücke
40%
Leipziger Platz
40%
Thälmannstraße
40%
Theaterplatz
40%
Weimarische Straße
40%
Wenigemarkt
40%
Willy-Brandt-Platz
40%
Augustinerstraße
30%
Fischersand
30%
Futterstraße
30%
Glockengasse
30%
Glockenquergasse
30%
Gorkistraße
30%
Krämpferstraße
30%
Meister-Eckehardt-Straße
30%
Michaelisstraße
30%
Pergamentergasse
30%
Schlösserstraße
30%
Schmidtstedter Ufer
30%
Stauffenbergallee
30%
Venedig
30%
Allerheiligenstraße
20%
Barfüßerstraße
20%
Clara-Zetkin-Straße
20%
Domstraße
20%
Georgsgasse
20%
Grafengasse
20%
Große Ackerhofgasse
20%
Große Arche
20%
Gutenbergstraße
20%
Hütergasse
20%
Jonny-Schehr-Straße
20%
Krämpfertor
20%
Krämpferufer
20%
Kürschnergasse
20%
Leipziger Straße
20%
Löberstraße
20%
Marbacher Gasse
20%
Marktstraße
20%
Meienbergstraße
20%
Mettengasse
20%
Moritzhof
20%
Moritzstraße
20%
Neuwerkstraße
20%
Pilse
20%
Predigerstraße
20%
Promenadendeck
20%
Regierungsstraße
20%
Reglermauer
20%
Schottengasse
20%
Schottenstraße
20%
Stiftgasse
20%
Studentengasse
20%
Taubengasse
20%
Waagegasse
20%
Webergasse
20%
Weiße Gasse
20%
Wilhelm-Külz-Straße
20%
Zum Güterbahnhof
20%
Am Hügel
10%
An der Stadtmünze
10%
Augustmauer
10%
Benediktsplatz
10%
Blumenstraße
10%
Bodestraße
10%
Borngasse
10%
Comthurgasse
10%
Dämmchen
10%
Maximilian-Welsch-Straße
10%
Drachengasse
10%
Farbengasse
10%
Fleischgasse
10%
Franckestrasse
10%
Furthmühlgasse
10%
Geschwister-Scholl-Straße
10%
Görmergasse
10%
Hefengasse
10%
Helmut-Kohl-Straße
10%
Herrenbreitengasse
10%
Herrmannsplatz
10%
Hirschlachufer
10%
Hopfengasse
10%
Horngasse
10%
Iderhoffstraße
10%
Kaufmännerstraße
10%
Keilhauergasse
10%
Kettenstraße
10%
Kirchgasse
10%
Kirchhofgasse
10%
Kleine Ackerhofgasse
10%
Kleine Arche
10%
Kreuzgasse
10%
Kreuzsand
10%
Kronengasse
10%
Lachsgasse
10%
Lilienstraße
10%
Lindenweg
10%
Löberwallgraben
10%
Löwengasse
10%
Lutherstraße
10%
Mainzerhofplatz
10%
Mainzerhofstraße
10%
Malzgasse
10%
Markgrafgasse
10%
Martinsgasse
10%
Mohrengasse
10%
Mühlgasse
10%
Nonnengasse
10%
Pflöckengasse
10%
Placidus-Muth-Straße
10%
Röntgenstraße
10%
Rosengasse
10%
Ruhrstraße
10%
Rumpelgasse
10%
Rupprechtsgasse
10%
Schafgasse
10%
Schattenwandgasse
10%
Schildgasse
10%
Schillerstraße
10%
Schuhgasse
10%
Severihof
10%
Sonntagsgasse
10%
Spiegelgasse
10%
Stunzengasse
10%
Taschengasse
10%
Theaterstraße
10%
Theo-Neubauer-Straße
10%
Trommsdorfstraße
10%
Turniergasse
10%
Waldenstraße
10%
Walkmühlstraße
10%
Weidengasse
10%
Weißfrauengasse
10%
Weitergasse
10%
Ziegengasse
10%
An den Graden
0%
Bechtheimerstraße
0%
Bonifaciusstraße
0%
Breite Gasse
0%
Brühler Straße
0%
Bürgermeister-Wagner-Straße
0%
Büßlebener Gasse
0%
Cusanusstraße
0%
Dalbergsweg
0%
Eichenstraße
0%
Faustgasschen
0%
Gotthardtstraße
0%
Große Engengasse
0%
Heilige Grabesmühlgasse
0%
Holzheienstraße
0%
Hospitalplatz
0%
Junkersand
0%
Karl-Marx-Platz
0%
Karthäuserstraße
0%
Klostergang
0%
Koenbergkstraße
0%
Kupferhammermühlgasse
0%
Kurt-Schumacher-Straße
0%
Lauentor
0%
Liebknechtstraße
0%
Marstallstraße
0%
Martinskloster
0%
Melanchthonstraße
0%
Meyfartstraße
0%
Mittelmühlgasse
0%
Müfflingsstraße
0%
Neuerbe
0%
Nonnenrain
0%
Paulsstraße
0%
Peterstraße
0%
Puschkinstraße
0%
Schmidtstedter Straße
0%
Seengäßlein
0%
Spielbergtor
0%
Thomaseck
0%
Thomasstraße
0%
Windthorststraße
0%
Zur Grünen Schildmühle
0%
Keine übereinstimmenden Quizze gefunden
Verteilung der Resultate
Anzahl Personen mit jedem Resultat
Perzentil nach korrekt beantworteten Fragen
Ihre Resultats-Entwicklung
Sie haben dieses Quiz noch nicht gespielt